| 000 | 00535nam a2200181Ia 4500 | ||
|---|---|---|---|
| 008 | 100921s9999 xx 000 0 und d | ||
| 082 |
_b18944 _a920.72 थ 82 |
||
| 100 | _aखरे शकुंतला. | ||
| 245 | _aजीवन-मरण. | ||
| 260 |
_b--- _c1982 |
||
| 300 |
_a139 _b--- |
||
| 365 | _b18 | ||
| 520 | _aचरित्रे-स्त्रयिा. | ||
| 630 | _aजीवन-मरण. | ||
| 650 | _aचरित्रे-स्त्रयिा. | ||
| 730 | _aजीवन-मरण. | ||
| 942 | _cBOOK | ||
| 999 |
_c768057 _d768054 |
||